[Event "Vugar Gashimov Mem 2016"]
[Site "Shamkir AZE"]
[Date "2016.05.28"]
[Round "3"]
[White "Mamedyarov, S."]
[Black "Eljanov, P."]
[Result "1-0"]
[WhiteElo "2748"]
[BlackElo "2765"]
[Annotator "Ramirez Alvarez,Alejandro"]
[PlyCount "117"]
[EventDate "2016.05.26"]

1. d4 Nf6 2. c4 e6 3. Nc3 Bb4 4. Nf3 b6 5. Qb3 c5 6. Bg5 Bb7 7. e3 O-O 8. Be2
cxd4 9. Qxb4 Nc6 10. Qa3 dxc3 11. bxc3 h6 12. Bh4 Rc8 13. Rd1 Qc7 14. Bxf6 gxf6
15. O-O Kg7 16. Nd4 Ne5 17. Nb5 Qc5 18. Qb4 a5 19. Qxc5 Rxc5 20. Nd6 Ba6 21.
Rd4 f5 22. Rb1 Rb8 23. f4 Nc6 24. Rd2 Ne7 25. Kf2 Kf8 26. e4 Nc8 27. Nb5 Ke7
28. Rbd1 Rb7 29. exf5 Rxf5 30. g3 Rc5 31. Na3 d6 32. g4 Rd7 33. h4 Rd8 34. Rd4
Na7 35. Rb1 Nc8 36. Nc2 d5 37. cxd5 Bxe2 38. Kxe2 Rdxd5 39. Kd3 h5 40. Ne3 Rd7
41. f5 $1 {A very powerful move. Black has unpleasant choiecs to make now.}
hxg4 (41... exf5 42. Nxf5+ Kd8 43. Rf1 $1 {Holding the knight on f5} hxg4 44.
h5 {and the h-pawn is very dangerous.}) 42. h5 $1 {Excellent! Passed pawns
must be pushed, and this one is not easy to stop.} Nd6 43. h6 Rc8 44. Re1 (44.
f6+ {is some computer move that is very hard to find, but I like Mamedyarov's
human approach}) 44... Nb7 45. Rxd7+ Kxd7 46. Nxg4 Nc5+ 47. Kd4 Kd6 (47... Rh8
48. fxe6+ Nxe6+ 49. Ke5 $18) 48. Ne5 $1 f6 49. Ng6 $1 e5+ 50. Ke3 Rc7 51. Rd1+
Kc6 52. Rd8 {This rook maneuver is the finishing touch. Black can't prevent
the pawn from pushing forward.} Nb7 53. Rc8 $1 {Excellently timed rook trade.}
(53. Rh8 Nd6 54. h7 {might be winning, but is nowhere near as clear.}) 53...
Rxc8 54. Ne7+ Kc5 (54... Kc7 55. Nxc8 {there is no time to capture the knight,
so this would just be similar to the game.}) 55. Nxc8 Nd8 56. h7 Nf7 57. Ne7
Kc4 58. Ng8 $1 Kxc3 59. Nxf6 {The knight remaneuvers to g5, where it cannot be
taken, and then helps push the f-pawn.} 1-0

[Event "Vugar Gashimov Mem 2016"]
[Site "Shamkir AZE"]
[Date "2016.05.28"]
[Round "3"]
[White "Caruana, F."]
[Black "Hou Yifan"]
[Result "1-0"]
[WhiteElo "2804"]
[BlackElo "2663"]
[Annotator "Ramirez Alvarez,Alejandro"]
[PlyCount "69"]
[EventDate "2016.05.26"]

1. e4 e5 2. Nf3 Nc6 3. Bb5 {Yifan is not known for defending 1.e4 e5 with
Black, but after successfully doing so against Muzychuk it makes sense that
she incorporates it into her normal repertoire.} a6 4. Ba4 Nf6 5. O-O Nxe4 6.
d4 b5 7. Bb3 d5 8. dxe5 Be6 9. Nbd2 Nc5 10. c3 Be7 11. Bc2 d4 12. Nb3 d3 13.
Bb1 Nxb3 14. axb3 Bf5 15. Re1 O-O 16. Be3 Qd5 17. Bd4 Rfd8 {A welwl known
position, actually, which has been seen since 1997 when Topalov had it against
Piket. More recently a draw between Wei Yi and Wesley So in January proves
that this variation is still playable.} 18. h4 {The novelty of the game, but
it shouldn't come as a surprise to a very well prepared player: it is after
all Komodo's first suggestion.} Bg6 {Oops, it seems that Yifan was not well
prepared in this line! This inaccuracy was played after a 27 minute think.} (
18... d2 {right away was the better choice} 19. Bxf5 $5 (19. Qxd2 {would
simply be the game down a tempo.}) 19... dxe1=Q+ 20. Qxe1 {seems dangerous for
Black, but at least he has more material in this variation. It is possible
that White is simply better, but we need pratical tests for that.} a5 $5) 19.
b4 {Clamping down on the queenside.} d2 20. Qxd2 Bxb1 21. Raxb1 Bxb4 {This is
the tactical justification for Black's play, but it falls short.} 22. Qf4 Be7
23. e6 $1 fxe6 24. Qg4 Nxd4 25. Nxd4 {White's initiative is strong: the knight
coming to e6 will be difficult to remove.} Bf6 26. Nxe6 Rd7 27. Re3 h5 $2 {
There was no reason to weaken her position so much.} (27... g6 {gave better
chances of survival, with potential ideas of Qf5 or Qh5 to reduces the
pressure.}) 28. Qg6 Rf7 29. Rbe1 {White's attack simply plays itself now.} Rc8
30. Nf4 Qd7 31. Qxh5 Re7 32. Nd5 Rf7 33. Rd1 (33. Nxf6+ Rxf6 34. Re7 {was also
good.}) 33... Qc6 34. Nf4 Rd7 35. Re8+ {A very one-sided game.} 1-0

[Event "Vugar Gashimov Mem 2016"]
[Site "Shamkir AZE"]
[Date "2016.05.28"]
[Round "3"]
[White "Karjakin, Sergey"]
[Black "Harikrishna, P."]
[Result "1-0"]
[WhiteElo "2779"]
[BlackElo "2763"]
[Annotator "Ramirez Alvarez,Alejandro"]
[PlyCount "123"]
[EventDate "2016.05.26"]

1. e4 e5 2. Nf3 Nf6 3. Nxe5 d6 4. Nf3 Nxe4 5. Nc3 Nxc3 6. dxc3 Be7 7. Be3 O-O
8. Qd2 Nd7 9. O-O-O c5 {An interesting idea, perhaps. The computers really
don't like it and almaost everyone else plays 9...c6 instead.} 10. Bd3 Nf6 11.
Rhe1 Be6 12. Bg5 {Putting some pressure on Black's center.} h6 $2 {This move
simply does not work.} 13. Bxh6 $1 c4 {Played instantly} (13... gxh6 14. Qxh6 {
Is completely lost. For example:} c4 15. Rxe6 {Other moves win, but this is
the cleanest.} fxe6 (15... cxd3 16. Ng5 {threatening Rxf6} fxe6 17. Qg6+ Kh8
18. Rxd3 {with unstoppable mate.}) 16. Qg6+ Kh8 17. Ng5 {the bishop is taboo,
but there is no defense against Qh6+ followed by Bh7+ with a decisive attack.})
14. Bxg7 $1 cxd3 15. Qg5 Ne4 {Nh7 is similar} 16. Qh6 Bg5+ 17. Nxg5 Qxg5+ 18.
Qxg5 Nxg5 19. Bxf8 dxc2 20. Rxd6 Kxf8 $18 {The smoke has cleared. After many
trades the material balance will be of a Rook and three pawns agaisnt two
minor pieces. This is an almost hopeless material difference unless the minor
pieces are well coordinated, which they are not here. White's technical task
is long and not the easiest, but Karjakin eventually reeled in the full point.}
21. h4 Nh7 22. Kxc2 Nf6 23. f3 Ke7 24. Rd4 Rh8 25. c4 Nd7 26. b3 a6 27. Kc3 Nb8
28. g3 Nc6 29. Rd2 Kf6 30. Rh2 b5 31. cxb5 axb5 32. Rd2 Rh5 33. Re3 Ne7 34. Re4
Rf5 35. Rd3 Rc5+ 36. Kd2 Nf5 37. Rg4 Rc8 38. Rc3 Ra8 39. Rc2 Ne7 40. Rf4+ Kg7
41. Ke1 Nd5 42. Rd4 Kf6 43. Kf2 Ke5 44. Re4+ Kd6 45. h5 Ke7 46. g4 Kd6 47. Rd2
f5 48. gxf5 Bxf5 49. h6 Rh8 50. Red4 Be6 51. Rh4 Ke7 52. Rh5 Nf6 53. Rxb5 Rxh6
54. a4 Rh1 55. a5 Nd7 56. b4 Bc4 57. Rg5 Ke6 58. Rd4 Rc1 59. a6 Rc2+ 60. Kg3
Bf1 61. a7 Nb6 62. Rd1 1-0

[Event "Vugar Gashimov Mem 2016"]
[Site "Shamkir AZE"]
[Date "2016.05.29"]
[Round "4.1"]
[White "Giri, Anish"]
[Black "Harikrishna, Pentala"]
[Result "1-0"]
[WhiteElo "2790"]
[BlackElo "2763"]
[Annotator "Ramirez Alvarez,Alejandro"]
[PlyCount "53"]
[EventDate "2016.05.26"]

{The last game between these players resulted in an easy victory for Pentala.
Anish was surely out for revenge today.} 1. d4 Nf6 2. c4 e6 3. Nf3 d5 4. Nc3 c5
5. cxd5 Nxd5 6. e4 Nxc3 7. bxc3 cxd4 8. cxd4 Bb4+ 9. Bd2 Bxd2+ 10. Qxd2 {
This defense really follows the modern approach of drawing black at all costs.
Harikrishna is a true believer on this line, having beaten Li Chao and
Wojtaszek this year with it, however he did suffer a defeat at the hands of
the World Champion.} O-O 11. Rc1 (11. Bc4 {is more common, but Rc1 ha been
tried against Harikrishna before.}) 11... b6 (11... Nc6 {is thet Indian's
usual choice, but he decided to switch it up for this game.}) 12. Bd3 Bb7 13.
O-O h6 14. Qe3 Nc6 {was Mamedyarov-Kramnik from last year's Shamkir, a game
won by the Azerbaijani.} 15. h4 $5 {a Novelty and an interesting one. White
immediately signals his kindside intentions.} Rc8 16. h5 Qe7 17. Bb1 Rfd8 18.
d5 $1 {Played after a significant think, so it is possible that this is no
longer preparation.} exd5 19. e5 {This is the point of White's play. At the
cost of a pawn he has the huge threat of Qd3-h7, and defending against it is
far from obvious.} Ba6 20. Rfe1 Qd7 21. Qf4 {Despite being up a pawn, Black's
position is just very unpleasant. The immediate threat is Bf5.} Ne7 22. Nd4
Rxc1 23. Qxc1 Qa4 $2 {A mistake in a position that I think is just bad for
Black.} 24. e6 $1 {Very strong! The calculations are not the most difficult,
now Black is close to losing.} Qxd4 (24... Rf8 25. exf7+ $6 (25. Qe3 $1 {
Maintains the pressure and seems to lead to a decisive attack for White.})) 25.
exf7+ Kxf7 26. Qc7 Re8 (26... Rf8 27. Qxe7+ Kg8 28. Bh7+ Kxh7 29. Qxf8 {
is simply winning.}) 27. Bg6+ {The entire house falls down.} 1-0

[Event "Vugar Gashimov Mem 2016"]
[Site "Shamkir AZE"]
[Date "2016.05.29"]
[Round "4.3"]
[White "Mamedov, Rauf"]
[Black "Caruana, Fabiano"]
[Result "0-1"]
[WhiteElo "2655"]
[BlackElo "2804"]
[Annotator "Ramirez Alvarez,Alejandro"]
[PlyCount "102"]
[EventDate "2016.05.26"]

1. e4 e5 2. Nf3 Nc6 3. Bc4 Bc5 4. c3 Nf6 5. d3 {It's interesting that with the
Berlin being such a difficulty for white players, the Italian is back in vogue.
} a6 6. O-O d6 7. a4 {It's this new a4 stuff that everyone is playing nowadays.
It grabs some space on the queenside and it gives the bishop a retreat square.
Oh and it avoids the Berlin. Caruana himself used to beat Nakamura in a blitz
game last month.} Ba7 8. Bg5 {Kind of rare, and I suspect it won't gather a
great following.} h6 9. Bh4 g5 10. Bg3 Ne7 11. d4 {This idea of breaking
through on the center is too artificial. It's risky for both sides, but
Caruana calculates well.} Nxe4 12. Nxe5 O-O (12... dxe5 13. Bxe5 Rh7 {is a
weird position. White is down a piece but he has a lot of initiative, for
example} 14. Re1 f5 15. Nd2 $1 Nxd2 16. Qxd2 {and Black's king lacks any
shelter. Still, the position is very unclear. Caruana's choice is much safer.})
13. Nxf7 $2 {This is probably too ambitious.} (13. Ng4 d5 $1 14. Bd3 Bxg4 15.
Qxg4 f5 {seems very unclear to me.}) 13... Rxf7 14. Bxf7+ Kxf7 15. f4 g4 (15...
Nf5 $1 16. fxg5 Kg6 $1 17. gxh6 Ne3 {is very coldblooded, but it works.}) 16.
f5 {Otherwise Black blocakdes on f5 with a huge advantage.} Nxg3 17. hxg3 Ng8
$1 (17... Qg8 {There wasn't any need to give up the pawn on g4, but Black does
gain time in this variation. The knight can maneuver to f6 from d5.}) 18. Qxg4
Qg5 $1 19. Qxg5 hxg5 20. Nd2 Nf6 (20... c5 $1) 21. Nf3 Nh7 22. g4 Bd7 23. Rfe1
Rg8 {Despite the computer's evaluation, I much prefer Black's position. The
two pieces are stronger than the rook and once the knight reaches f6 it is
hard to play for White, but easy to come up with moves for Black.} 24. Kf2 Nf6
25. Kg3 c5 26. Re2 cxd4 27. cxd4 Bb6 28. b3 Bc6 29. Rae1 $2 (29. Rc1 $15) 29...
Ba5 $1 30. Re7+ Kf8 31. R1e2 Bd8 32. R7e6 Bd7 {The rooks are rather clumsy and
are kicked around easily. They are quickly running out of squares.} 33. R6e3
Nd5 34. Re4 Nc3 {The finishing touch. Black emerges up a piece and the rest is
technique, which does not need to be too strong.} 35. d5 Bf6 36. Nd2 Rg7 37.
Re1 Nxe4+ 38. Nxe4 Re7 39. Kf3 Kg7 $2 {Quite inaccurate in time trouble, but
it does not matter.} 40. Rh1 Be8 41. Nxd6 Bf7 42. Nxf7 Kxf7 43. Rc1 Bd4 44. Rc4
Bb6 45. Re4 Rxe4 46. Kxe4 Ke7 {The endgame is an elementary win.} 47. b4 Bd8
48. a5 Kd6 49. Kd4 Bf6+ 50. Kc4 Bg7 51. b5 Bf6 0-1

[Event "Vugar Gashimov Mem 2016"]
[Site "Shamkir AZE"]
[Date "2016.05.30"]
[Round "5"]
[White "Karjakin, Sergey"]
[Black "Hou Yifan"]
[Result "1-0"]
[WhiteElo "2779"]
[BlackElo "2663"]
[Annotator "Ramirez Alvarez,Alejandro"]
[PlyCount "105"]
[EventDate "2016.05.26"]

1. e4 e5 2. Nf3 Nc6 3. Bb5 a6 4. Ba4 Nf6 5. O-O Nxe4 6. d4 b5 7. Bb3 d5 8. dxe5
Be6 9. Nbd2 Be7 10. c3 O-O 11. Bc2 f5 12. Nb3 Qd7 13. Nbd4 Nxd4 14. Nxd4 c5 15.
Nxe6 Qxe6 16. f3 Ng5 17. a4 Rad8 18. axb5 axb5 19. Bxg5 Bxg5 20. f4 Be7 21. Kh1
Qb6 22. Qd3 c4 23. Qh3 g6 24. g4 d4 25. gxf5 Qc6+ (25... d3 $1 $17 {right away
was more precise. Black doesn't have to fear the fxg6 intermezzo} 26. fxg6 Qc6+
27. Rf3 (27. Kg1 Bc5+ $19) 27... hxg6 {and now White can't protect the bishop
and the f4 pawn at the same time.}) 26. Qg2 Qxg2+ 27. Kxg2 d3 28. Bd1 Rxf5 {
This position is rather tricky. One would think that with the protected passed
pawn on d3 it is Black that is pushing for something, but upon closer
inspection it is White that has pressure on the enemy pawns.} 29. Bg4 Rff8 30.
Ra5 h5 {This move is perhaps a bit weakening, but it was already unpleasant to
start defending everything.} 31. Bd1 b4 32. Ra6 bxc3 33. bxc3 Kh7 34. Ra7 Rf7
35. Rc7 {Very precise maneuvers by Karjakin. The c4 pawn falls, though thanks
to the opposite colored bishops the endgame is not hopeless.} Rd5 36. Rxc4 Bf8
$6 (36... Rc5 37. Rxc5 Bxc5 {promised some drawing chances, but with the king
marching to e4 it still looks grim.}) 37. Rc8 Rc5 38. Rd8 {Now Karjakin even
gets to avoid the rook trade.} Bh6 (38... Rxc3 $1 {Since in the game Black had
to give up the bishop anyway, perhaps this was the best way to do it.} 39. e6
Rf6 40. Rd7+ Kh6 41. e7 Bxe7 42. Rxe7 Rc4 43. Rd7 Rcxf4 44. Rxf4 Rxf4 {and now
the king is not trapped in the last rank. If this is winning or not I will
leave it up to Karsten Muller.}) 39. Rxd3 Rxf4 40. Rd7+ Kh8 41. Rxf4 Bxf4 42.
e6 Bg5 43. e7 Bxe7 44. Rxe7 Rxc3 {We can see the stark difference in the
variations. This seems impossible to hold.} 45. Bf3 Rc8 46. Kg3 Rg8 $2 (46...
Rc3 $1 {I played around with the computer and was unable to crack Black's
defense, but intuitively it just feels losing for Black. More analysis will be
required in this endgame.}) 47. Kh4 {Now the result is clear.} Rg7 48. Re8+ Kh7
49. Kg5 Ra7 50. Bd5 Kg7 51. Re6 Kh7 52. Be4 Ra5+ 53. Kf6 {The win in this case
is rather elementary.} 1-0

[Event "Vugar Gashimov Mem 2016"]
[Site "Shamkir AZE"]
[Date "2016.05.30"]
[Round "5"]
[White "Caruana, F."]
[Black "Radjabov, T."]
[Result "1-0"]
[WhiteElo "2804"]
[BlackElo "2726"]
[Annotator "Ramirez alvarez,Alejandro"]
[PlyCount "71"]
[EventDate "2016.05.26"]

1. e4 c5 2. Nf3 Nc6 3. Bb5 g6 4. Bxc6 dxc6 5. d3 Bg7 6. h3 Nf6 7. Nc3 O-O 8.
Bf4 {Actually not the mainline, but played before. 8.Be3 is far more common.}
b6 {Pretty rare. Black usually puts his f6 knight somewhere else.} (8... Nh5 {
was played by Radjabov previously in 2012 against Grischuk. That game ended in
a win for the Russian.}) 9. Qd2 Re8 10. O-O-O {Long castle makes a lot of
sense in this position. Black's rigid structure on the queenside makes an
attack on that flank difficult, while White has the option of going h4-h5 at
any point.} a5 11. Ne5 $1 b5 12. Qe3 Qb6 13. Bh6 Bh8 14. f4 $1 {Also strong is
to start via the f-file.} a4 15. Rhf1 {Black is making some threats on the
queenside, but nothing quite concrete yet.} e6 $2 (15... Nd7 $1 {This was
probably the only move. It was time to remove the powerful e5 knight.} 16. Nxd7
Bxd7 17. e5 {blocking off the bishop on h8.} f5 $5 {Blocking White's attack
for now. The position is complicated and hard to evaluate.} 18. h4 b4 19. Nb1
Be6 {is just unclear.}) 16. g4 a3 (16... Nd7 17. Nxd7 Bxd7 18. e5 {is just
positionally bad now with the f6 square being so weak.}) 17. b4 $1 {Brave!
White accurately calculates that nothing is happening on the h8-a1 diagonal
and he simply threatens the c5 pawn.} Nd7 18. Nxd7 Bxd7 19. e5 f5 20. Ne2 Bg7
21. Bxg7 Kxg7 22. h4 $1 {Excellent! Caruana senses that Black has no useful
moves, so he starts with his own attack down  the kingside.} (22. Qxc5 Qxc5 23.
bxc5 {was also a great advantage}) 22... fxg4 23. h5 gxh5 24. Ng3 Kh8 25. Nxh5
Re7 26. Nf6 Be8 27. f5 {Black is already lost. There are too many pieces
attacking the king and simply no counterplay.} exf5 28. Rxf5 Qc7 29. Rg5 Rg7
30. Rh1 Bg6 31. Rxg4 (31. bxc5 {was more accurate, killing off Black's ideas.})
31... Qf7 32. Kb1 $2 (32. Qxc5 Qxa2 33. Qxc6 {is winning, but requires some
calculation}) 32... cxb4 (32... c4 $1 {Was the best way to create counterplay,
but White should still be winning after} 33. d4) 33. Qd4 Bf5 $2 (33... Qa7 {
keeps Black alive for a little bit longer}) 34. e6 $1 {A nice little
combination} Rxg4 35. exf7 Rxd4 36. Ne8 {Black has no defense against f8 queen.
Brilliant finish!} 1-0

[Event "Vugar Gashimov Mem 2016"]
[Site "Shamkir AZE"]
[Date "2016.05.30"]
[Round "5"]
[White "Safarli, E."]
[Black "Giri, A."]
[Result "0-1"]
[WhiteElo "2664"]
[BlackElo "2790"]
[Annotator "Ramirez Alvarez,Alejandro"]
[PlyCount "86"]
[EventDate "2016.05.26"]

1. e4 c5 2. Nf3 d6 3. Bb5+ Nd7 4. c4 Ngf6 5. Nc3 g6 6. O-O Bg7 7. Ba4 O-O 8. h3
Nb6 9. Bb3 e5 10. d3 Ne8 11. Bg5 f6 12. Be3 f5 13. Bg5 Bf6 14. Bh6 Bg7 15. Bg5
Qd7 16. exf5 gxf5 17. a4 a5 18. Nb5 Kh8 19. Re1 Bf6 20. Bxf6+ Nxf6 21. d4 e4
22. dxc5 dxc5 23. Qxd7 Nbxd7 {It's hard to believe this endgame is not about
even. Black might have the slightest of pulls, but White's pieces are ok and
he should have enough counterplay against the pawns.} 24. Nd2 $6 {Putting the
knight here is the first step towards passive play, which soon will cost
Safarli ldearly.} (24. Nh4 Ne5 25. Bc2 {with an idea of f3 coming up, for
example} Nxc4 26. b3 Ne5 27. f3 $11) 24... Ne5 25. Bc2 Bd7 26. f3 Rad8 27. Rad1
Rg8 $1 28. Kh2 (28. fxe4 Bxb5 29. cxb5 Rxd2 30. Rxd2 Nf3+ {is a problem}) 28...
Be8 $1 29. Nc7 (29. fxe4 Bh5 {is another problem}) 29... Bh5 30. Ne6 Rde8 31.
Nc7 $6 (31. Nf4 exf3 32. Ra1 {is plain ugly, but surprisingly better than what
was played}) 31... Re7 32. Nd5 Nxd5 33. cxd5 exf3 34. d6 Reg7 $1 {White is
just getting mated now} 35. g4 Nxg4+ {Of course} 36. hxg4 Rxg4 37. Nxf3 (37.
Kh3 Rg3+ 38. Kh2 Rg2+ 39. Kh3 f4 {mates in 10, though there were other ways of
winning besides 39...f4}) 37... Rg2+ 38. Kh3 Bxf3 39. Bb3 R8g3+ 40. Kh4 Rg4+
41. Kh3 Bxd1 42. d7 R4g3+ 43. Kh4 Rd3 {Black's up too much material and is
threatning mate in two with Rg4 and Rh3.} 0-1

[Event "Vugar Gashimov Mem 2016"]
[Site "Shamkir AZE"]
[Date "2016.05.30"]
[Round "5"]
[White "Harikrishna, P."]
[Black "Eljanov, P."]
[Result "1-0"]
[WhiteElo "2763"]
[BlackElo "2765"]
[Annotator "Ramirez Alvarez,Alejandro"]
[PlyCount "81"]
[EventDate "2016.05.26"]

1. e4 e5 2. Nf3 Nc6 3. Nc3 Nf6 4. Bb5 Bb4 5. O-O O-O 6. d3 Bxc3 7. bxc3 d6 8.
Nd2 Bd7 9. f4 exf4 10. Rxf4 Ne7 11. Bxd7 Nxd7 12. c4 Ne5 13. Bb2 f6 14. Nf1 Qd7
15. Ne3 a6 16. Qh5 b5 17. Rh4 h6 18. Rf1 bxc4 19. d4 Nf7 20. Ng4 Qb5 21. Nxf6+
gxf6 22. e5 Kh8 23. Bc1 Ng8 24. Qg6 dxe5 25. Rxf6 Qb1 26. Rf1 {What a crazy
position! White is down a full piece, but his attack is strong. For now his
threat seems to be Bxh6 with a discovered attack against the queen. The
logical thing would be to, well, move it out of the way.} exd4 $4 {Rather
inexplicable. Even in time pressure I would not consider taking this silly
pawn when I'm about to get mated.} (26... Nd6 {is some computer move that
seeks to take advantage of the fact that f1 is under attack. It works rather
well, for example:} 27. Rxf8 $2 (27. Bf4 $2 Qxf1+ 28. Kxf1 Rxf4+ 29. Rxf4 exf4
$17 {is too much material for the queen.}) (27. Rxh6+ Nxh6 28. Qxh6+ {just
forces the draw}) 27... Qxc1+ $1 28. Rf1 Qe3+ 29. Kh1 Rf8 $1 $17) (26... Qb4 {
also seems to be nothing more than a draw in most variations} 27. Rxf7 Qe1+ {
is of course not playable}) 27. Bxh6 Qxf1+ 28. Kxf1 Nfxh6+ 29. Kg1 Rab8 30.
Rxh6+ Nxh6 31. Qxh6+ {Eljanov must have underestimated how bad this endgame is
for him. Hint: it's very bad.} Kg8 32. Qg6+ Kh8 33. h3 {The problem is that
due to Black's weakened king all of Black's pawns fall like flies. In the
ensuing endgame the two connected passed pawns on the kingside will be
unstoppable.} d3 34. Qh6+ Kg8 35. Qxa6 dxc2 36. Qxc4+ Kh8 37. Qc3+ Kg8 38. Qxc2
Rfc8 39. Qc6 Kf7 40. a4 Ke7 41. a5 {The a-pawn is a rather big asset as well.}
1-0